000 00422nam a2200181Ia 4500
001 20398
005 20260306172803.0
008 260306t2005||||xx |||||||||||||| ||spa||
041 _aESP
082 _a343.2C13
_bL12 T. 1
100 _aGutierrez, Walter (Dir.)
_eAUT
245 0 _aLa constitución comentada
260 _c2005
300 _a
_c25 cm.
650 _aGEN
654 _aCDE
942 _cLIB
_dJUS
_fJUS
_2ddc
_n
999 _c20398
_d20398